[Event "Ostrava Konik op-C"]
[Site "Ostrava"]
[Date "2011.05.04"]
[Round "5"]
[White "Vanicek, Adolf"]
[Black "Sipl, Frantisek"]
[Result "0-1"]
[WhiteElo "1777"]
[BlackElo "1897"]
[PlyCount "35"]
[EventDate "2011.04.30"]
[EventType "swiss"]
[EventRounds "9"]
[EventCountry "CZE"]
[SourceTitle "CBM 142 Extra"]
[Source "ChessBase"]
[SourceDate "2011.06.27"]
[SourceVersion "1"]
[SourceVersionDate "2011.06.27"]
[SourceQuality "1"]

1. f4 d5 2. Nf3 Bg4 3. e3 g6 4. Be2 Bg7 5. 0-0 Nf6 6. d4 0-0 7. Nbd2 Bxf3 8. Nxf3 Ne4 9. c3 Nd7 10. Qb3 Nb6 11. a4 a5 12. Qc2 Nd6 13. b3 Rc8 14. Ba3 Nf5 15. Qd2 Nd6 16. Rac1 c5 17. Ne5 c4 18. bxc4 0-1

[Event "Ostrava op"]
[Site "Ostrava"]
[Date "2010.05.03"]
[Round "3"]
[White "Kubeczka, Ales"]
[Black "Vanicek, Adolf"]
[Result "1-0"]
[WhiteElo "1935"]
[BlackElo "1870"]
[PlyCount "80"]
[EventDate "2010.05.01"]
[EventType "swiss"]
[EventRounds "9"]
[EventCountry "CZE"]
[SourceTitle "EXT 2011"]
[Source "ChessBase"]
[SourceDate "2010.11.26"]
[SourceVersion "1"]
[SourceVersionDate "2010.11.26"]
[SourceQuality "1"]

1. f4 d5 2. Nf3 c5 3. e3 e6 4. b3 Nf6 5. Bb2 Nc6 6. Bb5 Bd7 7. 0-0 a6 8. Bxc6 Bxc6 9. Ne5 Rc8 10. d3 Be7 11. Nd2 0-0 12. Rf3 Qb6 13. Rg3 d4 14. e4 Qc7 15. Rh3 h6 16. Ndf3 Nd7 17. Bc1 Bd6 18. Nxc6 bxc6 19. e5 Be7 20. Qe1 f5 21. Qg3 Kf7 22. Bd2 Rh8 23. a4 Rcg8 24. a5 Qd8 25. Ra4 g6 26. Rc4 Qc7 27. Qe1 Qd8 28. b4 cxb4 29. Rxc6 Qxa5 30. Qb1 Rb8 31. Rxe6 Qb5 32. Qa2 b3 33. cxb3 Nc5 34. Nxd4 Qd7 35. Rxe7+ Kxe7 36. Bc3 Qd5 37. Qa5 Ke8 38. b4 Rc8 39. Nc2 Rh7 40. bxc5 Rxc5 1-0

[Event "Ostrava op"]
[Site "Ostrava"]
[Date "2009.05.06"]
[Round "5"]
[White "Briza, Jiri"]
[Black "Vanicek, Adolf"]
[Result "0-1"]
[WhiteElo "1955"]
[BlackElo "1865"]
[PlyCount "113"]
[EventDate "2009.05.02"]
[EventType "swiss"]
[EventRounds "9"]
[EventCountry "CZE"]
[SourceTitle "EXT 2011"]
[Source "ChessBase"]
[SourceDate "2010.11.26"]
[SourceVersion "1"]
[SourceVersionDate "2010.11.26"]
[SourceQuality "1"]

1. b3 e6 2. Bb2 d5 3. e3 Nf6 4. Nf3 Bd6 5. Ne5 Bxe5 6. Bxe5 Nbd7 7. Bb2 0-0 8. Be2 c6 9. 0-0 Qc7 10. f4 c5 11. Nc3 a6 12. d4 b5 13. Bf3 Bb7 14. Qe2 Rac8 15. Rac1 cxd4 16. exd4 b4 17. Nb1 Bc6 18. Qd1 Bb5 19. Be2 Bxe2 20. Qxe2 Ne4 21. Rf3 Qa5 22. a4 Rc6 23. c4 bxc3 24. Nxc3 Ndf6 25. h3 Rfc8 26. Na2 Rxc1+ 27. Nxc1 Qb4 28. Qxa6 Qb8 29. Qd3 g6 30. Rf1 Nh5 31. Ne2 Qb4 32. Rd1 Rb8 33. Ra1 Nhf6 34. a5 Nd7 35. a6 Qd2 36. Qxd2 Nxd2 37. a7 Ra8 38. Bc3 Ne4 39. Ra6 Kf8 40. Ba5 Ke7 41. b4 Nd6 42. Nc3 Nc8 43. Nb5 h6 44. Bc7 g5 45. fxg5 hxg5 46. Nd6 Nxd6 47. Bxd6+ Kd8 48. b5 f6 49. Kf2 e5 50. dxe5 fxe5 51. Ke3 d4+ 52. Ke4 Nf6+ 53. Kxe5 d3 54. Bb8 Nd7+ 55. Ke4 Nc5+ 56. Ke3 Nxa6 57. Kxd3 0-1

[Event "Ostrava op"]
[Site "Ostrava"]
[Date "2009.05.02"]
[Round "1"]
[White "Benes, Jaroslav"]
[Black "Vanicek, Adolf"]
[Result "0-1"]
[WhiteElo "1620"]
[BlackElo "1865"]
[PlyCount "63"]
[EventDate "2009.05.02"]
[EventType "swiss"]
[EventRounds "9"]
[EventCountry "CZE"]
[SourceTitle "EXT 2011"]
[Source "ChessBase"]
[SourceDate "2010.11.26"]
[SourceVersion "1"]
[SourceVersionDate "2010.11.26"]
[SourceQuality "1"]

1. e4 e5 2. Nf3 Nc6 3. Bb5 Bc5 4. c3 Nf6 5. d4 exd4 6. e5 Ng4 7. cxd4 Bb4+ 8. Bd2 Bxd2+ 9. Qxd2 d5 10. 0-0 Nh6 11. Nc3 0-0 12. h3 a6 13. Bxc6 bxc6 14. Na4 Rb8 15. Nc5 Nf5 16. Rfe1 Nh4 17. Nh2 Ng6 18. Rac1 Re8 19. b3 h6 20. Rc3 Be6 21. Nxa6 Rb6 22. Nc5 Qa8 23. a4 Qa5 24. Rc2 Qa7 25. Qe2 Rb4 26. Qe3 Bf5 27. Rc3 Nf8 28. Qf4 Bg6 29. Rg3 Qxc5 30. Qxf7+ Bxf7 31. dxc5 Reb8 32. Ree3 0-1

[Event "Ostrava Konik op-B"]
[Site "Ostrava"]
[Date "2007.05.??"]
[Round "7"]
[White "Kozel, Jan"]
[Black "Vanicek, Adolf"]
[Result "1-0"]
[WhiteElo "1770"]
[BlackElo "1885"]
[PlyCount "59"]
[EventDate "2007.05.??"]
[EventType "swiss"]
[EventRounds "9"]
[EventCountry "CZE"]
[SourceTitle "EXT 2010"]
[Source "ChessBase"]
[SourceDate "2010.11.25"]
[SourceVersion "1"]
[SourceVersionDate "2010.11.25"]
[SourceQuality "1"]

1. e4 e5 2. Nf3 Nf6 3. Nxe5 d6 4. Nf3 Nxe4 5. d4 d5 6. Bd3 Be7 7. 0-0 0-0 8. Re1 Bf5 9. c4 c6 10. Qb3 b6 11. Bf4 dxc4 12. Qxc4 Nd6 13. Qc2 Bxd3 14. Qxd3 Nd7 15. Nbd2 Nf6 16. Ne5 Rc8 17. Rac1 c5 18. dxc5 bxc5 19. Qf3 Qb6 20. Ndc4 Qa6 21. Rc3 Nb5 22. Rd3 Nd4 23. Qd1 Nd5 24. Be3 Nf5 25. Rxd5 f6 26. Nd7 Rfd8 27. Rxf5 Qxc4 28. Qd5+ Qxd5 29. Rxd5 Kf7 30. Red1 1-0

[Event "Ostrava op-B"]
[Site "Ostrava"]
[Date "2003.05.03"]
[Round "1"]
[White "Adamek, Stanislav"]
[Black "Vanicek, Adolf"]
[Result "0-1"]
[WhiteElo "1592"]
[BlackElo "1871"]
[PlyCount "110"]
[EventDate "2003.05.03"]
[EventType "swiss"]
[EventRounds "10"]
[EventCountry "CZE"]
[SourceTitle "EXT 2006"]
[Source "ChessBase"]
[SourceDate "2005.11.24"]
[SourceVersion "1"]
[SourceVersionDate "2005.11.24"]
[SourceQuality "1"]

1. e4 c5 2. Nf3 e6 3. Be2 Nc6 4. 0-0 Nf6 5. d3 Be7 6. Nc3 d6 7. h3 a6 8. Nh2 b5 9. Bf3 Bb7 10. Be3 0-0 11. a3 d5 12. exd5 exd5 13. Ne2 Ne5 14. d4 Nc4 15. Bc1 Qb6 16. b3 Nd6 17. Be3 Nf5 18. dxc5 Bxc5 19. Bxc5 Qxc5 20. Qd3 Ne4 21. b4 Qb6 22. Bxe4 dxe4 23. Qb3 Rac8 24. Rac1 Rc4 25. Ng4 Qc7 26. Rfd1 Rc8 27. Kh1 h5 28. Ne3 Nxe3 29. fxe3 Qe5 30. Rd7 Bc6 31. Ra7 Bd5 32. Qb1 R4c6 33. Nd4 Rg6 34. Re1 Qg3 35. Re2 Rc3 36. Nf5 Qb8 37. Ne7+ Kh7 38. Nxd5 Rxa3 39. Rxf7 Qe5 40. Nf4 Ra1 41. Re1 Rxb1 42. Rxb1 Rc6 43. Ra7 Kh6 44. Rd1 Rd6 45. Rd7 Rxd1+ 46. Rxd1 g5 47. Ne2 Qb2 48. Rd6+ Kg7 49. Rxa6 Qxc2 50. Ng3 Qc1+ 51. Kh2 Qc7 52. Kh1 Qxg3 53. Rb6 Qxe3 54. Rxb5 g4 55. h4 g3 0-1